000 00475nam a22001691a 4500
001 6807
003 OSt
005 20260204212105.0
008 060724s1973||||cu ||||||b||||||||||spa||
050 _a583.52 I7c
110 _aInstituto Cubano del Libro
245 _aCafé para alumnos de secundaria / Instituto Cubano del Libro
264 _aCuba : Pueblo y Educación
300 _a110 p
650 _a1.Café - Botánica 2.Café - Educación SecundariaÌ
942 _2ddc
_cBK
999 _c6807
_d6807